| Поле | Инд. | ПП | Название | Значение |
|---|---|---|---|---|
| Тип записи | a | |||
| Библиографический уровень | m | |||
| 001 | Контрольный номер | c3dff21a-4b2f-48ff-9cd3-67cebf15590f | ||
| 005 | Дата корректировки | 20140703121901.4 | ||
| 008 | Кодируемые данные | 030604 | ||
| 020 | a | ISBN | 5-902112-02-8 | |
| c | Цена, тираж | 138.00 | ||
| 040 | a | Служба первич. каталог. | НБ ТвГУ | |
| 041 | a | Код языка текста | rus | |
| 080 | a | Индекс УДК | 271.22-725(092)"19" | |
| 084 | a | Индекс другой классификации/Индекс ББК | Э372.240.9(2)-36 | |
| 090 | x | Авторский знак | Д16 | |
| a | Полочн. индекс | Э372.2 | ||
| 100 | 0_ | a | Автор | Дамаскин (Орловский) |
| 245 | 10 | a | Заглавие | Мученики, исповедники и подвижники благочестия Русской Православной Церкви ХХ столетия |
| n | Номер части/ раздела | Кн. 6 | ||
| b | Продолж. заглавия | Жизнеописания и материалы к ним | ||
| c | Ответственность | Игумен Дамаскин (Орловский) | ||
| 260 | 0_ | a | Место издания | Тверь |
| b | Издательство | Булат | ||
| c | Дата издания | 2002 | ||
| 300 | a | Объем | 478 с. | |
| b | Иллюстрации/ тип воспроизводства | ил., портр., факс. | ||
| 504 | a | Библиография | Библиогр. в примеч.: с.463-474. | |
| 583 | a | Действие | Получение впервые 116 30.05.2003 | |
| k | Исполнитель действия | Русская Православная Церковь | ||
| 650 | a | Основная рубрика | Русская Православная Церковь | |
| x | Основная подрубрика | История | ||
| y | Хронологическая подрубрика | 20 в. | ||
| x | Основная подрубрика | Жизнеописание | ||
| 653 | a | Ключевые слова | Духовенство | |
| a | Ключевые слова | Русская Православная Церковь | ||
| a | Ключевые слова | Священнослужители | ||
| a | Ключевые слова | Мученичество | ||
| 852 | t | Порядковый номер экземпляра | 1 | |
| p | Инвентарный номер | 766348 | ||
| 888 | a | За счет средств университета (за наличные) | ||
| 952 | p | 116.2003 138.00 1 766348 | ||
| c | Вид литературы | К рн | ||
| 954 | a | Дата поступления на обработку | 20030618 | |
| 999 | a | Подразделение 2 | ОРК |